000 01352cam a2200337 i 4500
001 bg
003 KOSZ 005
005 20190729103935.0
008 970629s1993 pl a f f |001 0 pol
015 _aPB 1993/5143
020 _a8320414393
020 _a8320414873
040 _aWA N
_cBPK
080 _a621.3.037.33
080 _a(075.8)
100 1 _aNosal, Zbigniew
_c(elektronik).
_eAutor
245 1 0 _aUkłady elektroniczne.
_nCz. 1,
_pUkłady analogowe liniowe /
_cZbigniew Nosal, Jerzy Baranowski ; pod red. J. Baranowskiego.
246 3 0 _aUkłady analogowe liniowe
260 _aWarszawa :
_bWydawnictwa Naukowo-Techniczne,
_c1993.
300 _a445, [3] s. :
_brys., wykr. ;
_c24 cm.
490 1 _aPodręczniki Akademickie. Elektronika, Informatyka, Telekomunikacja.
504 _aBibliogr. przy rozdz. - Indeks.
521 _aPodręcznik dla studentów wydz. elektroniki, zwłaszcza specjalności układowo-aparaturowych.
650 4 _aAnalogowy układ elektroniczny
655 4 _aPodręczniki akademickie
700 1 _aBaranowski, Jerzy
_c(nauki techniczne).
710 2 _aWydawnictwa Naukowo-Techniczne
_4pbl.
856 _uhttp://koha.tu.koszalin.pl/cgi-bin/koha/opac-detail.pl?biblionumber=5629
_yKatalog online BPK
830 0 _aPodręczniki Akademickie
_pEIT
942 _2UKD
_cKS
999 _c5629
_d5629